1356 1913 1513 1091 1162 1150 1491 1046 1975 1275 1836 1665 1014 1402 1997 1590 1364 1843 1968 1809 1579 1036 1362 1571 1797 1857 1548 1608 1353 1857 1317 1702 1950 1558 1478 1046 1325 1126 1166 1023 1545 1595 1401 1654 1213 1104 1958 1212 1351 1824 1135 1887 1954 1146 1711 1082 1050 1348 1881 1205 1513 1626 1116 1378 1607 1296 1072 1202 1196 1144 1520 1163 1905 1020 1513 1881 1537 1498 1343 1120 1079 1692 1600 1176 1244 1703 1548 1333 1377 1238 1580 1918 1625 1770 1293 1918 1307 1524 1505 BCNSPRNW ULIB Ver.6.0+V

เปลี่ยนเป็นภาษาไทย

Change to English
 แสดงรายละเอียดบรรณานุกรม
  กลับหน้าหลัก

Brief Record : Get Marc (ISO 2709) : E-mail record : QR code < ปิดหน้าต่าง
LEADER : 00000nam 2200000uu 4500
001    13399109669
003     ULIB
008    110408s2552||||th 000 0 tha d
020    9789740204817
060 04 WB935^bอ114ค 2552
100 0  องค์การ เรืองรัตนอัมพร
245 10 เคาะกะโหลกโขกไอเดียเพื่อชีวิตและสุขภาพ /^cผู้เขียน,องค์การ เรืองรัตนอัมพร
250    พิมพ์ครั้งที่ 1
260    กรุงเทพฯ :^bมติชนปากเกร็ด,^c2552
300    310 หน้า :^bภาพประกอบ ;^c17 ซม.
650  7 การดูแลสุขภาพด้วยตนเอง
650  7 สุขภาพ^xรวมเรื่อง
650  7 สุขภาพ, การดูแล
945    ^p220^l0^i028447
945    ^p220^l0^i028446
995    ทศพร
999 ^a ใช้งานได้ทุกระบบ
รายการนี้ยังไม่มีแท็ก
คุณยังไม่ได้ล็อกอิน คุณสามารถมีกิจกรรมร่วมกับเว็บไซต์ได้ แต่ต้องล็อกอินก่อน ::
  ล็อกอิน

รายการสื่อสารสนเทศ

ลำดับที่ ประเภท เลขเรียก/บาร์โค้ด สถานที่ สถานะ
- ไม่พบข้อมูล -

รายการใกล้เคียง
    ผู้แต่ง [องค์การ เรืองรัตนอัมพร]

    หัวเรื่อง [การดูแลสุขภาพด้วยตนเอง]
    หัวเรื่อง [สุขภาพ รวมเรื่อง]
    หัวเรื่อง [สุขภาพ, การดูแล]

BibComment


ยังไม่เคยถูกคอมเมนท์

คอมเมนท์ทรัพยากรรายการนี้
  คอมเมนท์: เคาะกะโหลกโขกไอเด..


 Copyright 2026. Bcnsprnw @Library